[Event "White Rook U14 Final 2019"]
[Site "Sochi"]
[Date "2019.06.06"]
[Round "4.29"]
[White "Sizov, Lev"]
[Black "Medvedev, Maxim"]
[Result "1-0"]
[WhiteElo "1692"]
[BlackElo "1574"]
[Annotator "NA RC"]
[PlyCount "67"]
[EventDate "2019.06.02"]
[EventCountry "RUS"]
[SourceTitle "playchess.com"]
[Source "ChessBase"]
[SourceQuality "1"]
[TimeControl "5400+30"]

1. d4 {[%emt 0:00:00]} Nf6 {[%emt 0:00:07]} 2. c4 {[%emt 0:00:00]} g6 {[%emt 0:00:08]} 3. Nc3 {[%emt 0:00:00]} Bg7 {[%emt 0:00:08]} 4. e4 {[%emt 0:00:08]} O-O {[%emt 0:00:08]} 5. Nf3 {[%emt 0:00:08]} d6 {[%emt 0:00:00]} 6. Be2 {[%emt 0:00:08]} e5 {[%emt 0:00:08]} 7. Be3 {[%emt 0:00:08]} a5 {[%emt 0:00:17]} 8. d5 {[%emt 0:00:55]} Na6 {[%emt 0:00:08]} 9. Nd2 {[%emt 0:00:17]} Ne8 {[%emt 0:00:16]} 10. f3 {[%emt 0:00:08]} f5 {[%emt 0:00:07]} 11. O-O {[%emt 0:00:08]} f4 {[%emt 0:00:17]} 12. Bf2 {[%emt 0:00:00]} g5 {[%emt 0:00:16]} 13. a3 {[%emt 0:00:24]} h5 {[%emt 0:00:16]} 14. b4 {[%emt 0:00:16]} b6 {[%emt 0:00:40]} 15. Nb3 {[%emt 0:18:58]} Nb8 {[%emt 0:02:00]} 16. c5 {[%emt 0:03:52]} Rf6 {[%emt 0:01:20]} 17. c6 {[%emt 0:20:51]} Rg6 {[%emt 0:01:04]} 18. b5 {[%emt 0:01:04]} g4 {[%emt 0:00:17]} 19. Be1 {[%emt 0:28:31]} g3 {[%emt 0:00:48]} 20. hxg3 {[%emt 0:18:23]} fxg3 {[%emt 0:00:07]} 21. Bxg3 {[%emt 0:00:44]} Qg5 {[%emt 0:01:21]} 22. Rf2 {[%emt 0:01:43]} Qxg3 {[%emt 0:00:07]} 23. Qd3 {[%emt 0:00:23]} Nf6 {[%emt 0:04:19]} 24. Nd2 {[%emt 0:02:20]} Nbd7 {[%emt 0:02:43]} 25. cxd7 {[%emt 0:00:15]} Bxd7 {[%emt 0:00:07]} 26. Nf1 {[%emt 0:00:36]} Qh3 {[%emt 0:00:15]} 27. g3 {[%emt 0:01:07]} Rxg3+ {[%emt 0:00:59]} 28. Nxg3 {[%emt 0:00:00]} Qxg3+ {[%emt 0:00:14]} 29. Rg2 {[%emt 0:00:00]} Qh4 {[%emt 0:00:15]} 30. Qe3 {[%emt 0:00:22]} Bh3 {[%emt 0:02:57]} 31. Qg5 {[%emt 0:00:22]} Qxg5 {[%emt 0:00:07]} 32. Rxg5 {[%emt 0:00:00]} h4 {[%emt 0:00:07]} 33. Kh2 {[%emt 0:00:22]} Bd7 {[%emt 0:00:07]} 34. Rag1 {[%emt 0:00:07]} 1-0

[Event "White Rook U14 Final 2019"]
[Site "Sochi"]
[Date "2019.06.06"]
[Round "4.30"]
[White "Kharkevich, Stepan"]
[Black "Komissarova, Soigina"]
[Result "1-0"]
[WhiteElo "1740"]
[BlackElo "1665"]
[Annotator "NA RC"]
[PlyCount "83"]
[EventDate "2019.06.02"]
[EventCountry "RUS"]
[SourceTitle "playchess.com"]
[Source "ChessBase"]
[SourceQuality "1"]
[TimeControl "5400+30"]

1. e4 {[%emt 0:00:00]} c5 {[%emt 0:00:07]} 2. a3 {[%emt 0:00:08]} e6 {[%emt 0:00:32]} 3. b4 {[%emt 0:00:00]} d5 {[%emt 0:08:09]} 4. exd5 {[%emt 0:06:16]} Qxd5 {[%emt 0:00:32]} 5. Bb2 {[%emt 0:10:26]} cxb4 {[%emt 0:21:42]} 6. Nf3 {[%emt 0:07:18]} f6 {[%emt 0:05:59]} 7. d4 {[%emt 0:07:46]} Nc6 {[%emt 0:01:26]} 8. Bd3 {[%emt 0:04:57]} Nh6 {[%emt 0:08:07]} 9. O-O {[%emt 0:05:37]} Be7 {[%emt 0:02:59]} 10. c4 {[%emt 0:08:43]} Qd8 {[%emt 0:01:29]} 11. d5 {[%emt 0:00:59]} exd5 {[%emt 0:02:57]} 12. cxd5 {[%emt 0:00:30]} Nb8 {[%emt 0:00:44]} 13. Qc2 {[%emt 0:12:19]} O-O {[%emt 0:01:58]} 14. Bxh7+ {[%emt 0:06:20]} Kh8 {[%emt 0:00:06]} 15. Bd3 {[%emt 0:02:05]} Bd7 {[%emt 0:03:16]} 16. Nh4 {[%emt 0:02:26]} Be8 {[%emt 0:00:22]} 17. Qe2 {[%emt 0:03:51]} Nd7 {[%emt 0:01:24]} 18. Re1 {[%emt 0:02:18]} Bd6 {[%emt 0:01:24]} 19. Bc1 {[%emt 0:01:02]} f5 {[%emt 0:03:20]} 20. Nf3 {[%emt 0:03:02]} Ng4 {[%emt 0:00:25]} 21. Bg5 {[%emt 0:01:02]} Qb8 {[%emt 0:00:31]} 22. h3 {[%emt 0:00:57]} Nge5 {[%emt 0:00:12]} 23. Nxe5 {[%emt 0:00:31]} Nxe5 {[%emt 0:01:15]} 24. f4 {[%emt 0:00:43]} Nxd3 {[%emt 0:00:20]} 25. Qxd3 {[%emt 0:00:06]} Bg6 {[%emt 0:02:10]} 26. Qd4 {[%emt 0:02:26]} Qc7 {[%emt 0:05:25]} 27. axb4 {[%emt 0:01:13]} a5 {[%emt 0:00:11]} 28. Kh2 {[%emt 0:00:40]} Bxb4 {[%emt 0:03:12]} 29. Re6 {[%emt 0:02:01]} Qf7 {[%emt 0:00:25]} 30. Nd2 {[%emt 0:01:17]} Rfe8 {[%emt 0:01:17]} 31. Rae1 {[%emt 0:01:00]} b5 {[%emt 0:01:25]} 32. R1e2 {[%emt 0:00:31]} Rac8 {[%emt 0:01:22]} 33. Nf3 {[%emt 0:01:00]} Bc3 {[%emt 0:00:22]} 34. Rxe8+ {[%emt 0:00:27]} Qxe8 {[%emt 0:00:11]} 35. Rxe8+ {[%emt 0:00:33]} Bxe8 {[%emt 0:00:05]} 36. Qd1 {[%emt 0:00:22]} a4 {[%emt 0:00:05]} 37. d6 {[%emt 0:00:22]} Bd7 {[%emt 0:01:17]} 38. Ne5 {[%emt 0:00:16]} Bxe5 {[%emt 0:00:10]} 39. fxe5 {[%emt 0:00:53]} a3 {[%emt 0:00:00]} 40. Qb3 {[%emt 0:00:11]} Ra8 {[%emt 0:00:25]} 41. Bc1 {[%emt 0:00:16]} a2 {[%emt 0:00:15]} 42. Bb2 {[%emt 0:00:16]} 1-0

[Event "White Rook U14 Final 2019"]
[Site "Sochi"]
[Date "2019.06.06"]
[Round "4.31"]
[White "Zhambalov, Bator"]
[Black "Kolobova, Sofiya"]
[Result "1-0"]
[WhiteElo "1865"]
[BlackElo "1100"]
[Annotator "NA RC"]
[PlyCount "87"]
[EventDate "2019.06.02"]
[EventCountry "RUS"]
[SourceTitle "playchess.com"]
[Source "ChessBase"]
[SourceQuality "1"]
[TimeControl "5400+30"]

1. e4 {[%emt 0:00:00]} e6 {[%emt 0:00:07]} 2. d4 {[%emt 0:00:24]} d5 {[%emt 0:00:00]} 3. exd5 {[%emt 0:00:16]} exd5 {[%emt 0:00:00]} 4. Bd3 {[%emt 0:00:24]} Nf6 {[%emt 0:00:17]} 5. Bg5 {[%emt 0:00:40]} Be7 {[%emt 0:00:40]} 6. Nf3 {[%emt 0:00:08]} h6 {[%emt 0:00:32]} 7. Bh4 {[%emt 0:00:16]} Bg4 {[%emt 0:00:40]} 8. Nbd2 {[%emt 0:00:08]} Nc6 {[%emt 0:00:40]} 9. c3 {[%emt 0:00:08]} O-O {[%emt 0:06:32]} 10. O-O {[%emt 0:05:05]} Qd7 {[%emt 0:04:25]} 11. Qc2 {[%emt 0:00:08]} Be6 {[%emt 0:21:49]} 12. Rfe1 {[%emt 0:00:32]} Ng4 {[%emt 0:14:48]} 13. Bxe7 {[%emt 0:03:10]} Nxe7 {[%emt 0:01:19]} 14. Nb3 {[%emt 0:02:46]} b6 {[%emt 0:04:35]} 15. Ne5 {[%emt 0:06:55]} Nxe5 {[%emt 0:07:28]} 16. Rxe5 {[%emt 0:00:16]} f6 {[%emt 0:03:16]} 17. Re2 {[%emt 0:01:49]} Bf5 {[%emt 0:03:49]} 18. Rxe7 {[%emt 0:01:55]} Qxe7 {[%emt 0:02:05]} 19. Bxf5 {[%emt 0:00:07]} Rfe8 {[%emt 0:01:21]} 20. Nd2 {[%emt 0:03:36]} Qd6 {[%emt 0:06:08]} 21. Nf3 {[%emt 0:01:44]} Qe7 {[%emt 0:03:21]} 22. h3 {[%emt 0:00:22]} Qe2 {[%emt 0:01:21]} 23. Re1 {[%emt 0:02:56]} Qxc2 {[%emt 0:02:13]} 24. Bxc2 {[%emt 0:00:07]} Rxe1+ {[%emt 0:00:15]} 25. Nxe1 {[%emt 0:00:00]} Re8 {[%emt 0:00:07]} 26. Kf1 {[%emt 0:00:08]} Re7 {[%emt 0:02:41]} 27. Bb3 {[%emt 0:00:14]} c6 {[%emt 0:01:27]} 28. Nc2 {[%emt 0:00:14]} Kf7 {[%emt 0:01:23]} 29. Nb4 {[%emt 0:00:14]} c5 {[%emt 0:04:45]} 30. Nxd5 {[%emt 0:00:14]} Rb7 {[%emt 0:02:46]} 31. Ne3+ {[%emt 0:01:58]} Kg6 {[%emt 0:00:29]} 32. d5 {[%emt 0:00:15]} b5 {[%emt 0:01:33]} 33. Bc2+ {[%emt 0:00:14]} Kg5 {[%emt 0:01:57]} 34. Bf5 {[%emt 0:00:21]} g6 {[%emt 0:00:42]} 35. Be6 {[%emt 0:00:06]} Re7 {[%emt 0:00:28]} 36. c4 {[%emt 0:00:21]} bxc4 {[%emt 0:00:56]} 37. Nxc4 {[%emt 0:00:07]} f5 {[%emt 0:01:02]} 38. Ne5 {[%emt 0:00:20]} Rb7 {[%emt 0:00:33]} 39. d6 {[%emt 0:00:55]} Rxb2 {[%emt 0:00:30]} 40. d7 {[%emt 0:00:14]} Rb1+ {[%emt 0:00:14]} 41. Ke2 {[%emt 0:00:07]} Rb2+ {[%emt 0:00:14]} 42. Kf3 {[%emt 0:00:07]} Rd2 {[%emt 0:00:28]} 43. Ke3 {[%emt 0:00:21]} Rd1 {[%emt 0:00:27]} 44. Nd3 {[%emt 0:00:06]} 1-0

[Event "White Rook U14 Final 2019"]
[Site "Sochi"]
[Date "2019.06.06"]
[Round "4.32"]
[White "Tortochakova, Mariya"]
[Black "Sargaeva, Darima"]
[Result "0-1"]
[WhiteElo "1267"]
[BlackElo "1506"]
[Annotator "NA RC"]
[PlyCount "88"]
[EventDate "2019.06.02"]
[EventCountry "RUS"]
[SourceTitle "playchess.com"]
[Source "ChessBase"]
[SourceQuality "1"]
[TimeControl "5400+30"]

1. d4 {[%emt 0:00:00]} Nf6 {[%emt 0:00:07]} 2. Bf4 {[%emt 0:00:08]} c5 {[%emt 0:00:08]} 3. c3 {[%emt 0:00:48]} e6 {[%emt 0:00:17]} 4. e3 {[%emt 0:00:47]} cxd4 {[%emt 0:00:24]} 5. exd4 {[%emt 0:00:48]} g6 {[%emt 0:00:17]} 6. Be2 {[%emt 0:02:39]} d5 {[%emt 0:00:32]} 7. Nd2 {[%emt 0:01:20]} Bg7 {[%emt 0:00:33]} 8. Qc2 {[%emt 0:04:56]} Nc6 {[%emt 0:00:32]} 9. h4 {[%emt 0:05:45]} h5 {[%emt 0:01:13]} 10. Ngf3 {[%emt 0:06:00]} Bd7 {[%emt 0:04:40]} 11. Ne5 {[%emt 0:03:21]} Rc8 {[%emt 0:00:40]} 12. Bg5 {[%emt 0:08:21]} Nxd4 {[%emt 0:01:28]} 13. Qd3 {[%emt 0:04:42]} Nf5 {[%emt 0:04:12]} 14. Nxd7 {[%emt 0:14:17]} Qxd7 {[%emt 0:02:37]} 15. Qb5 {[%emt 0:03:23]} Qxb5 {[%emt 0:00:31]} 16. Bxb5+ {[%emt 0:00:08]} Ke7 {[%emt 0:01:11]} 17. O-O {[%emt 0:02:45]} Bh6 {[%emt 0:00:48]} 18. Bxf6+ {[%emt 0:02:45]} Kxf6 {[%emt 0:00:15]} 19. Nf3 {[%emt 0:00:23]} Rhd8 {[%emt 0:01:19]} 20. Ba4 {[%emt 0:04:03]} d4 {[%emt 0:00:54]} 21. cxd4 {[%emt 0:01:19]} Nxd4 {[%emt 0:00:08]} 22. Nxd4 {[%emt 0:01:16]} Rxd4 {[%emt 0:00:07]} 23. Bb3 {[%emt 0:00:22]} Rxh4 {[%emt 0:00:15]} 24. Rfd1 {[%emt 0:01:24]} Rc7 {[%emt 0:00:53]} 25. g3 {[%emt 0:04:04]} Re4 {[%emt 0:01:15]} 26. Kf1 {[%emt 0:00:30]} Ke7 {[%emt 0:00:24]} 27. Rab1 {[%emt 0:01:34]} a5 {[%emt 0:01:50]} 28. a4 {[%emt 0:01:36]} Rb4 {[%emt 0:02:35]} 29. Rd3 {[%emt 0:00:15]} Rc1+ {[%emt 0:04:05]} 30. Rxc1 {[%emt 0:00:15]} Bxc1 {[%emt 0:00:08]} 31. Rc3 {[%emt 0:00:00]} Bxb2 {[%emt 0:01:50]} 32. Rd3 {[%emt 0:00:15]} b5 {[%emt 0:00:07]} 33. axb5 {[%emt 0:00:44]} Rxb5 {[%emt 0:02:13]} 34. Ba4 {[%emt 0:00:29]} Rb4 {[%emt 0:01:21]} 35. Rd7+ {[%emt 0:00:22]} Kf6 {[%emt 0:00:45]} 36. Bd1 {[%emt 0:00:15]} a4 {[%emt 0:00:14]} 37. Ra7 {[%emt 0:00:15]} a3 {[%emt 0:00:29]} 38. Ra6 {[%emt 0:00:16]} h4 {[%emt 0:01:04]} 39. gxh4 {[%emt 0:00:50]} Rxh4 {[%emt 0:02:27]} 40. Ke2 {[%emt 0:00:07]} Rh2 {[%emt 0:00:27]} 41. Ke3 {[%emt 0:00:35]} g5 {[%emt 0:00:35]} 42. Ra4 {[%emt 0:02:04]} e5 {[%emt 0:00:35]} 43. Bc2 {[%emt 0:00:43]} Bd4+ {[%emt 0:00:36]} 44. Ke2 {[%emt 0:00:14]} Rxf2+ {[%emt 0:00:29]} 0-1

[Event "White Rook U14 Final 2019"]
[Site "Sochi"]
[Date "2019.06.06"]
[Round "4.33"]
[White "Voloshkin, Daniil"]
[Black "Andrijashkin, Deniss"]
[Result "1/2-1/2"]
[WhiteElo "1557"]
[BlackElo "1891"]
[Annotator "NA RC"]
[PlyCount "93"]
[EventDate "2019.06.02"]
[EventCountry "RUS"]
[SourceTitle "playchess.com"]
[Source "ChessBase"]
[SourceQuality "1"]
[TimeControl "5400+30"]

1. e4 {[%emt 0:00:00]} e5 {[%emt 0:00:15]} 2. Nf3 {[%emt 0:00:00]} Nc6 {[%emt 0:00:08]} 3. Bc4 {[%emt 0:00:08]} Bc5 {[%emt 0:00:16]} 4. c3 {[%emt 0:00:09]} Nf6 {[%emt 0:00:07]} 5. d4 {[%emt 0:00:09]} exd4 {[%emt 0:00:16]} 6. e5 {[%emt 0:00:16]} d5 {[%emt 0:15:52]} 7. Bb5 {[%emt 0:00:17]} Ne4 {[%emt 0:00:16]} 8. cxd4 {[%emt 0:00:08]} Bb4+ {[%emt 0:01:28]} 9. Nbd2 {[%emt 0:00:16]} O-O {[%emt 0:03:22]} 10. Bxc6 {[%emt 0:17:15]} bxc6 {[%emt 0:02:41]} 11. O-O {[%emt 0:00:08]} c5 {[%emt 0:11:19]} 12. dxc5 {[%emt 0:04:08]} Ba6 {[%emt 0:16:47]} 13. Re1 {[%emt 0:04:59]} Bxc5 {[%emt 0:06:40]} 14. Nxe4 {[%emt 0:28:04]} dxe4 {[%emt 0:00:07]} 15. Ng5 {[%emt 0:06:31]} Bb4 {[%emt 0:00:15]} 16. Qh5 {[%emt 0:01:56]} h6 {[%emt 0:01:48]} 17. Rd1 {[%emt 0:00:49]} Qe7 {[%emt 0:00:28]} 18. Nxe4 {[%emt 0:01:16]} f5 {[%emt 0:00:34]} 19. Qg6 {[%emt 0:01:34]} fxe4 {[%emt 0:05:18]} 20. Qxa6 {[%emt 0:06:17]} Bc5 {[%emt 0:00:07]} 21. Qc4+ {[%emt 0:00:49]} Kh8 {[%emt 0:07:03]} 22. Be3 {[%emt 0:00:07]} Bxe3 {[%emt 0:00:20]} 23. fxe3 {[%emt 0:00:14]} Qxe5 {[%emt 0:00:00]} 24. Qd4 {[%emt 0:00:13]} Qg5 {[%emt 0:00:13]} 25. Rf1 {[%emt 0:04:26]} Rfe8 {[%emt 0:05:49]} 26. Rac1 {[%emt 0:03:58]} Rad8 {[%emt 0:02:08]} 27. Qc5 {[%emt 0:04:20]} Rd5 {[%emt 0:06:20]} 28. Qxa7 {[%emt 0:05:43]} Rd2 {[%emt 0:00:43]} 29. Rf2 {[%emt 0:00:11]} Rxf2 {[%emt 0:00:33]} 30. Kxf2 {[%emt 0:00:11]} Qf6+ {[%emt 0:00:00]} 31. Kg1 {[%emt 0:00:05]} Rf8 {[%emt 0:01:43]} 32. h3 {[%emt 0:03:20]} Qf2+ {[%emt 0:00:36]} 33. Kh2 {[%emt 0:03:57]} Qxb2 {[%emt 0:00:41]} 34. Qxc7 {[%emt 0:00:07]} Qxa2 {[%emt 0:00:04]} 35. Qe7 {[%emt 0:01:23]} Qa8 {[%emt 0:00:44]} 36. Rc7 {[%emt 0:01:04]} Rg8 {[%emt 0:01:42]} 37. Qe5 {[%emt 0:00:16]} Qa3 {[%emt 0:00:11]} 38. Qd4 {[%emt 0:02:26]} Qd3 {[%emt 0:01:42]} 39. Qxd3 {[%emt 0:01:50]} exd3 {[%emt 0:00:28]} 40. Rd7 {[%emt 0:00:05]} Re8 {[%emt 0:00:04]} 41. Rxd3 {[%emt 0:00:05]} Kh7 {[%emt 0:00:09]} 42. g4 {[%emt 0:00:05]} Re7 {[%emt 0:00:09]} 43. Kg3 {[%emt 0:00:09]} g5 {[%emt 0:00:27]} 44. Kf3 {[%emt 0:00:05]} Re6 {[%emt 0:00:32]} 45. Rd5 {[%emt 0:00:33]} Kg6 {[%emt 0:00:37]} 46. e4 {[%emt 0:00:19]} Ra6 {[%emt 0:00:09]} 47. Ke3 {[%emt 0:00:23]} 1/2-1/2

[Event "White Rook U14 Final 2019"]
[Site "Sochi"]
[Date "2019.06.06"]
[Round "4.34"]
[White "Sadekov, Maksim"]
[Black "Vorzhevitin, Dmitriy"]
[Result "1/2-1/2"]
[WhiteElo "1541"]
[BlackElo "1346"]
[Annotator "NA RC"]
[PlyCount "85"]
[EventDate "2019.06.02"]
[EventCountry "RUS"]
[SourceTitle "playchess.com"]
[Source "ChessBase"]
[SourceQuality "1"]
[TimeControl "5400+30"]

1. d4 {[%emt 0:00:00]} Nf6 {[%emt 0:00:23]} 2. c4 {[%emt 0:00:08]} g6 {[%emt 0:00:24]} 3. e3 {[%emt 0:02:25]} Bg7 {[%emt 0:01:52]} 4. Nc3 {[%emt 0:00:17]} d6 {[%emt 0:00:15]} 5. Nf3 {[%emt 0:12:17]} Nbd7 {[%emt 0:00:40]} 6. Be2 {[%emt 0:00:40]} c6 {[%emt 0:01:45]} 7. O-O {[%emt 0:00:08]} O-O {[%emt 0:00:08]} 8. Qc2 {[%emt 0:00:24]} Qc7 {[%emt 0:01:37]} 9. Bd2 {[%emt 0:04:47]} e5 {[%emt 0:02:56]} 10. Rfd1 {[%emt 0:13:41]} Rd8 {[%emt 0:04:26]} 11. Be1 {[%emt 0:03:56]} h5 {[%emt 0:16:01]} 12. dxe5 {[%emt 0:12:34]} Nxe5 {[%emt 0:05:52]} 13. Nxe5 {[%emt 0:02:05]} dxe5 {[%emt 0:00:08]} 14. Rxd8+ {[%emt 0:00:39]} Qxd8 {[%emt 0:00:08]} 15. Rd1 {[%emt 0:00:00]} Qc7 {[%emt 0:01:03]} 16. h3 {[%emt 0:18:49]} Be6 {[%emt 0:03:43]} 17. b3 {[%emt 0:04:54]} Rd8 {[%emt 0:00:15]} 18. Rxd8+ {[%emt 0:02:05]} Qxd8 {[%emt 0:00:08]} 19. Qd2 {[%emt 0:01:57]} Qc7 {[%emt 0:07:44]} 20. Bd3 {[%emt 0:02:00]} Qc8 {[%emt 0:04:29]} 21. Ne4 {[%emt 0:01:22]} Nxe4 {[%emt 0:05:40]} 22. Bxe4 {[%emt 0:00:00]} Qd7 {[%emt 0:01:36]} 23. Qxd7 {[%emt 0:00:28]} Bxd7 {[%emt 0:00:00]} 24. Bc3 {[%emt 0:00:28]} f5 {[%emt 0:05:58]} 25. Bc2 {[%emt 0:01:14]} Kf7 {[%emt 0:03:20]} 26. Kf1 {[%emt 0:00:12]} b6 {[%emt 0:01:09]} 27. Ke2 {[%emt 0:00:49]} c5 {[%emt 0:00:25]} 28. a4 {[%emt 0:01:22]} a5 {[%emt 0:00:41]} 29. Bb1 {[%emt 0:00:36]} Ke6 {[%emt 0:00:06]} 30. f3 {[%emt 0:00:55]} Bf6 {[%emt 0:00:54]} 31. e4 {[%emt 0:01:22]} f4 {[%emt 0:00:28]} 32. Be1 {[%emt 0:00:47]} Kf7 {[%emt 0:00:50]} 33. Bd3 {[%emt 0:00:16]} g5 {[%emt 0:00:11]} 34. Kd1 {[%emt 0:00:33]} Kg6 {[%emt 0:00:23]} 35. Bf1 {[%emt 0:00:23]} Bd8 {[%emt 0:00:45]} 36. Bc3 {[%emt 0:00:11]} Bf6 {[%emt 0:00:16]} 37. Be1 {[%emt 0:00:12]} g4 {[%emt 0:00:16]} 38. Kc2 {[%emt 0:01:25]} g3 {[%emt 0:01:54]} 39. Kd1 {[%emt 0:01:14]} Kg5 {[%emt 0:00:30]} 40. Kc2 {[%emt 0:00:05]} Kh4 {[%emt 0:00:52]} 41. Kd1 {[%emt 0:00:11]} Kg5 {[%emt 0:00:15]} 42. Kc2 {[%emt 0:00:05]} Kg6 {[%emt 0:00:05]} 43. Kd1 {[%emt 0:00:05]} 1/2-1/2

[Event "White Rook U14 Final 2019"]
[Site "Sochi"]
[Date "2019.06.06"]
[Round "4.35"]
[White "Zenkov, Maksim"]
[Black "Lazojev, Mark"]
[Result "1-0"]
[WhiteElo "1394"]
[BlackElo "1179"]
[Annotator "NA RC"]
[PlyCount "93"]
[EventDate "2019.06.02"]
[EventCountry "RUS"]
[SourceTitle "playchess.com"]
[Source "ChessBase"]
[SourceQuality "1"]
[TimeControl "5400+30"]

1. e4 {[%emt 0:00:00]} e5 {[%emt 0:00:07]} 2. Nf3 {[%emt 0:00:00]} Nc6 {[%emt 0:00:16]} 3. d4 {[%emt 0:00:00]} exd4 {[%emt 0:00:08]} 4. Bc4 {[%emt 0:00:08]} Be7 {[%emt 0:02:41]} 5. c3 {[%emt 0:00:56]} d6 {[%emt 0:02:31]} 6. cxd4 {[%emt 0:02:00]} Bg4 {[%emt 0:02:09]} 7. Be3 {[%emt 0:13:30]} Nf6 {[%emt 0:12:18]} 8. Qb3 {[%emt 0:02:17]} Na5 {[%emt 0:17:21]} 9. Qa4+ {[%emt 0:02:01]} c6 {[%emt 0:01:28]} 10. Bd3 {[%emt 0:01:03]} b5 {[%emt 0:12:50]} 11. Qc2 {[%emt 0:01:18]} Rc8 {[%emt 0:06:42]} 12. Nbd2 {[%emt 0:03:55]} g6 {[%emt 0:13:22]} 13. Bh6 {[%emt 0:04:12]} Qd7 {[%emt 0:07:45]} 14. Qc3 {[%emt 0:09:07]} Nb7 {[%emt 0:05:28]} 15. a4 {[%emt 0:02:14]} bxa4 {[%emt 0:06:45]} 16. Rxa4 {[%emt 0:02:05]} Ra8 {[%emt 0:02:13]} 17. Ra6 {[%emt 0:04:24]} c5 {[%emt 0:02:47]} 18. Qb3 {[%emt 0:01:58]} Qc8 {[%emt 0:01:02]} 19. O-O {[%emt 0:05:47]} cxd4 {[%emt 0:00:57]} 20. Bb5+ {[%emt 0:16:33]} Bd7 {[%emt 0:00:40]} 21. Bxd7+ {[%emt 0:07:51]} Qxd7 {[%emt 0:00:20]} 22. Rc1 {[%emt 0:03:44]} Nc5 {[%emt 0:00:40]} 23. Rxc5 {[%emt 0:00:05]} dxc5 {[%emt 0:00:30]} 24. Ne5 {[%emt 0:00:06]} Qc7 {[%emt 0:00:30]} 25. Qxf7+ {[%emt 0:00:05]} Kd8 {[%emt 0:00:26]} 26. Rxf6 {[%emt 0:01:07]} Qxe5 {[%emt 0:00:34]} 27. Bg7 {[%emt 0:01:27]} Bxf6 {[%emt 0:00:30]} 28. Bxf6+ {[%emt 0:00:04]} Qxf6 {[%emt 0:00:30]} 29. Qxf6+ {[%emt 0:00:04]} Kd7 {[%emt 0:00:11]} 30. e5 {[%emt 0:01:11]} Rab8 {[%emt 0:00:26]} 31. Qd6+ {[%emt 0:00:06]} Kc8 {[%emt 0:00:03]} 32. Qxc5+ {[%emt 0:00:51]} Kd8 {[%emt 0:00:10]} 33. Ne4 {[%emt 0:02:04]} Rxb2 {[%emt 0:00:14]} 34. Qxd4+ {[%emt 0:00:00]} Ke7 {[%emt 0:00:19]} 35. Qxb2 {[%emt 0:00:04]} Rd8 {[%emt 0:00:18]} 36. g3 {[%emt 0:00:12]} Rd1+ {[%emt 0:00:12]} 37. Kg2 {[%emt 0:00:00]} Rd7 {[%emt 0:00:27]} 38. Qb4+ {[%emt 0:00:48]} Kd8 {[%emt 0:00:23]} 39. e6 {[%emt 0:00:09]} Rc7 {[%emt 0:00:33]} 40. Qd6+ {[%emt 0:00:06]} Kc8 {[%emt 0:00:20]} 41. Nc5 {[%emt 0:00:09]} Kb8 {[%emt 0:00:18]} 42. Na6+ {[%emt 0:00:20]} Kb7 {[%emt 0:00:06]} 43. Qxc7+ {[%emt 0:00:16]} Kxa6 {[%emt 0:00:07]} 44. Qb8 {[%emt 0:00:15]} h5 {[%emt 0:00:03]} 45. e7 {[%emt 0:00:17]} g5 {[%emt 0:00:03]} 46. e8=Q {[%emt 0:00:18]} g4 {[%emt 0:00:06]} 47. Qeb5# {[%emt 0:00:08]} 1-0

[Event "White Rook U14 Final 2019"]
[Site "Sochi"]
[Date "2019.06.06"]
[Round "4.36"]
[White "Poluektova, Arina"]
[Black "Golikova, Alisa"]
[Result "0-1"]
[WhiteElo "1313"]
[BlackElo "1252"]
[Annotator "NA RC"]
[PlyCount "74"]
[EventDate "2019.06.02"]
[EventCountry "RUS"]
[SourceTitle "playchess.com"]
[Source "ChessBase"]
[SourceQuality "1"]
[TimeControl "5400+30"]

1. e4 {[%emt 0:00:00]} e6 {[%emt 0:00:00]} 2. d4 {[%emt 0:00:07]} d5 {[%emt 0:00:08]} 3. e5 {[%emt 0:00:08]} c5 {[%emt 0:00:00]} 4. c3 {[%emt 0:00:08]} Nc6 {[%emt 0:00:00]} 5. Nf3 {[%emt 0:00:08]} Qb6 {[%emt 0:00:16]} 6. Qb3 {[%emt 0:01:36]} cxd4 {[%emt 0:04:56]} 7. Qxb6 {[%emt 0:00:40]} axb6 {[%emt 0:00:08]} 8. cxd4 {[%emt 0:00:16]} Nb4 {[%emt 0:03:05]} 9. Na3 {[%emt 0:02:23]} Rxa3 {[%emt 0:06:34]} 10. bxa3 {[%emt 0:01:13]} Nc2+ {[%emt 0:00:00]} 11. Kd1 {[%emt 0:01:29]} Nxa1 {[%emt 0:00:08]} 12. Bb2 {[%emt 0:05:11]} Bd7 {[%emt 0:00:56]} 13. Kd2 {[%emt 0:02:56]} Nh6 {[%emt 0:03:53]} 14. h3 {[%emt 0:01:22]} Be7 {[%emt 0:07:46]} 15. Bd3 {[%emt 0:00:41]} O-O {[%emt 0:00:32]} 16. Rxa1 {[%emt 0:00:25]} Ra8 {[%emt 0:00:08]} 17. Rc1 {[%emt 0:00:40]} Bc6 {[%emt 0:10:30]} 18. Rc3 {[%emt 0:00:56]} b5 {[%emt 0:02:45]} 19. Rc2 {[%emt 0:05:17]} g6 {[%emt 0:04:03]} 20. g4 {[%emt 0:02:44]} Bxa3 {[%emt 0:01:58]} 21. Bxa3 {[%emt 0:00:15]} Rxa3 {[%emt 0:00:16]} 22. Rb2 {[%emt 0:03:48]} Kg7 {[%emt 0:05:45]} 23. Ng1 {[%emt 0:02:37]} Ng8 {[%emt 0:07:39]} 24. Ne2 {[%emt 0:00:23]} b4 {[%emt 0:01:28]} 25. Nc1 {[%emt 0:04:34]} Ra4 {[%emt 0:09:07]} 26. Bc2 {[%emt 0:02:51]} Ra7 {[%emt 0:02:56]} 27. Rxb4 {[%emt 0:02:27]} Ne7 {[%emt 0:00:37]} 28. Rb2 {[%emt 0:00:52]} Nc8 {[%emt 0:00:29]} 29. Nd3 {[%emt 0:00:52]} b5 {[%emt 0:00:45]} 30. Nc5 {[%emt 0:00:49]} Nb6 {[%emt 0:02:36]} 31. Bd3 {[%emt 0:06:02]} Nc4+ {[%emt 0:00:37]} 32. Bxc4 {[%emt 0:00:34]} dxc4 {[%emt 0:00:15]} 33. Kc3 {[%emt 0:00:14]} Ra3+ {[%emt 0:02:20]} 34. Kc2 {[%emt 0:00:52]} Rxh3 {[%emt 0:08:09]} 35. Na6 {[%emt 0:05:45]} Be4+ {[%emt 0:02:05]} 36. Kd1 {[%emt 0:02:55]} c3 {[%emt 0:01:08]} 37. Rxb5 {[%emt 0:00:12]} Bd3 {[%emt 0:04:08]} 0-1